[Event "Campeonato España Sub 14"]
[Site "Salobreña"]
[Date "2017.07.19"]
[Round "5"]
[White "Sanabria Taskila, Jenny Maria"]
[Black "Masague Artero, Guerau"]
[Result "0-1"]
[Board "14"]
[WhiteClock "1:30"]
[WhiteElo "1674"]
[WhiteCountry "ESP"]
[WhiteFideId "32066139"]
[WhiteEloChange "-3"]
[BlackClock "1:30"]
[BlackElo "1965"]
[BlackCountry "ESP"]
[BlackFideId "32098952"]
[BlackEloChange "3"]

1. e4 {[%clk 1:30:00]} e5 {[%clk 1:30:00]} 2. Nf3 {[%clk 1:31:00]} Nc6 {[%clk
1:31:00]} 3. Bc4 {[%clk 1:31:00]} Be7 {[%clk 1:26:00]} 4. O-O {[%clk 1:30:00]}
Nf6 {[%clk 1:26:00]} 5. d3 {[%clk 1:30:00]} O-O {[%clk 1:26:00]} 6. Re1 {[%clk
1:30:00]} d6 {[%clk 1:27:00]} 7. a4 {[%clk 1:29:00]} Kh8 {[%clk 1:26:00]} 8. h3
{[%clk 1:27:00]} Ng8 {[%clk 1:26:00]} 9. Nbd2 {[%clk 1:25:00]} f5 {[%clk
1:26:00]} 10. Ba2 {[%clk 1:22:00]} Qe8 {[%clk 1:24:00]} 11. exf5 {[%clk 1:13:00]}
Bxf5 {[%clk 1:24:00]} 12. Ne4 {[%clk 1:12:00]} Nh6 {[%clk 1:06:00]} 13. Nfg5
{[%clk 0:56:00]} Qg6 {[%clk 1:04:00]} 14. Be3 {[%clk 0:51:00]} Rad8 {[%clk
0:59:00]} 15. c4 {[%clk 0:44:00]} Bxg5 {[%clk 0:58:00]} 16. Nxg5 {[%clk 0:36:00]}
Bxd3 {[%clk 0:52:00]} 17. Qb3 {[%clk 0:29:00]} Nd4 {[%clk 0:28:00]} 18. Bxd4
{[%clk 0:23:00]} exd4 {[%clk 0:29:00]} 19. Ne6 {[%clk 0:10:59]} Be4 {[%clk
0:28:00]} 20. Rxe4 {[%clk 0:10:55]} Qxe4 {[%clk 0:28:00]} 21. Nxd8 {[%clk
0:11:11]} Rxd8 {[%clk 0:28:00]} 22. Rd1 {[%clk 0:11:04]} c5 {[%clk 0:27:00]} 23.
Bb1 {[%clk 0:10:00]} Qe7 {[%clk 0:27:00]} 24. Qd3 {[%clk 0:08:16]} g6 {[%clk
0:27:00]} 25. Qd2 {[%clk 0:07:43]} Kg7 {[%clk 0:24:00]} 26. Re1 {[%clk 0:07:31]}
Qf7 {[%clk 0:23:00]} 27. Qe2 {[%clk 0:06:40]} Ng8 {[%clk 0:23:00]} 28. b3 {[%clk
0:06:22]} Nf6 {[%clk 0:23:00]} 29. Qf3 {[%clk 0:06:26]} Re8 {[%clk 0:22:00]} 30.
Rxe8 {[%clk 0:05:48]} Nxe8 {[%clk 0:21:00]} 31. Qxf7+ {[%clk 0:05:47]} Kxf7
{[%clk 0:22:00]} 32. Be4 {[%clk 0:05:50]} b6 {[%clk 0:22:00]} 33. Kf1 {[%clk
0:06:10]} Nf6 {[%clk 0:23:00]} 34. Bd3 {[%clk 0:04:42]} Ke6 {[%clk 0:19:28]} 35.
Ke2 {[%clk 0:04:30]} d5 {[%clk 0:17:42]} 36. Kf3 {[%clk 0:03:57]} Ke5 {[%clk
0:15:51]} 37. g3 {[%clk 0:03:08]} Ne4 {[%clk 0:13:51]} 38. Ke2 {[%clk 0:02:54]}
Nc3+ {[%clk 0:11:20]} 39. Kd2 {[%clk 0:02:58]} dxc4 {[%clk 0:10:49]} 40. Bxc4
{[%clk 0:02:19]} Nd5 {[%clk 0:08:35]} 41. Ke2 {[%clk 0:01:19]} Nc7 {[%clk
0:05:46]} 42. Bg8 {[%clk 0:01:17]} Kf6 {[%clk 0:06:02]} 43. Bc4 {[%clk 0:01:27]}
a6 {[%clk 0:06:21]} 44. Kf3 {[%clk 0:01:06]} b5 {[%clk 0:06:44]} 45. axb5 {[%clk
0:01:22]} axb5 {[%clk 0:07:13]} 46. Bd3 {[%clk 0:01:31]} Ke5 {[%clk 0:05:34]} 47.
h4 {[%clk 0:01:35]} Kd5 {[%clk 0:03:38]} 48. Be4+ {[%clk 0:01:42]} Kd6 {[%clk
0:04:02]} 49. Bd3 {[%clk 0:02:01]} Kc6 {[%clk 0:03:45]} 50. Ke4 {[%clk 0:01:22]}
Nd5 {[%clk 0:03:40]} 51. Ke5 {[%clk 0:00:56]} Nb4 {[%clk 0:03:48]} 52. Be4+
{[%clk 0:01:15]} Kb6 {[%clk 0:04:04]} 53. h5 {[%clk 0:01:21]} gxh5 {[%clk
0:03:48]} 54. f4 {[%clk 0:01:25]} d3 {[%clk 0:03:33]} 55. f5 {[%clk 0:01:21]} d2
{[%clk 0:03:22]} 56. Bf3 {[%clk 0:01:44]} Nc6+ {[%clk 0:03:19]} 57. Ke4 {[%clk
0:01:02]} Nd4 {[%clk 0:03:12]} 58. Bd1 {[%clk 0:00:53]} Kc6 {[%clk 0:01:48]} 59.
Ke5 {[%clk 0:00:36]} b4 {[%clk 0:00:32]} 60. f6 {[%clk 0:00:37]} Kd7 {[%clk
0:00:53]} 61. Kd5 {[%clk 0:00:54]} Nb5 {[%clk 0:00:56]} 62. Kxc5 {[%clk 0:00:31]}
Nc3 {[%clk 0:01:23]} 63. Bxh5 {[%clk 0:00:41]} d1Q {[%clk 0:01:23]} 64. Bxd1
{[%clk 0:00:41]} Nxd1 {[%clk 0:01:23]} 65. g4 {[%clk 0:00:41]} Nf2 {[%clk
0:01:23]} 66. Kxb4 {[%clk 0:00:41]} Nxg4 {[%clk 0:01:23]} 67. f7 {[%clk 0:00:41]}
Ke7 {[%clk 0:01:23]} 68. f8Q+ {[%clk 0:00:41]} Kxf8 {[%clk 0:01:23]} 69. Kc3
{[%clk 0:00:41]} h5 {[%clk 0:01:23]} 70. Kd2 {[%clk 0:00:41]} Ke7 {[%clk
0:01:23]} 71. Ke2 {[%clk 0:00:41]} Nf6 {[%clk 0:01:23]} 72. Kf3 {[%clk 0:00:41]}
Kd6 {[%clk 0:01:23]} 73. Kg3 {[%clk 0:00:41]} Kc5 {[%clk 0:01:23]} 74. Kh3 {[%clk
0:00:41]} Kb4 {[%clk 0:01:23]} 75. Kh4 {[%clk 0:00:41]} Kxb3 {[%clk 0:01:23]} 76.
Kg5 {[%clk 0:00:41]} Kc4 {[%clk 0:01:23]} 77. Kh4 {[%clk 0:00:41]} Kd5 {[%clk
0:01:23]} 78. Kg5 {[%clk 0:00:41]} Ke5 {[%clk 0:01:23]} 79. Kh4 {[%clk 0:00:41]}
Kf4 {[%clk 0:01:23]} 80. Kh3 {[%clk 0:00:41]} Kg5 {[%clk 0:01:23]} 81. Kg3 {[%clk
0:00:41]} h4+ {[%clk 0:01:23]} 82. Kh3 {[%clk 0:00:41]} Ne4 {[%clk 0:01:23]} 83.
Kh2 {[%clk 0:00:41]} Kg4 {[%clk 0:01:23]} 84. Kg2 {[%clk 0:00:41]} h3+ {[%clk
0:01:23]} 85. Kg1 {[%clk 0:00:41]} Kg3 {[%clk 0:01:23]} 0-1

[Event "Campeonato España Sub 14"]
[Site "Salobreña"]
[Date "2017.07.19"]
[Round "5"]
[White "Carbonell Sancho, Marc"]
[Black "Ayensa Garcia, Miguel Angel"]
[Result "1-0"]
[Board "15"]
[WhiteClock "1:30"]
[WhiteElo "1943"]
[WhiteCountry "ESP"]
[WhiteFideId "32029969"]
[WhiteEloChange "3"]
[BlackClock "1:30"]
[BlackElo "1663"]
[BlackCountry "ESP"]
[BlackFideId "32079818"]
[BlackEloChange "-3"]

1. e4 {[%clk 1:30:00]} c5 {[%clk 1:30:00]} 2. Nf3 {[%clk 1:31:00]} Nc6 {[%clk
1:30:00]} 3. d4 {[%clk 1:31:00]} cxd4 {[%clk 1:31:00]} 4. Nxd4 {[%clk 1:32:00]}
g6 {[%clk 1:31:00]} 5. c4 {[%clk 1:32:00]} Bg7 {[%clk 1:31:00]} 6. Be3 {[%clk
1:33:00]} Nf6 {[%clk 1:31:00]} 7. Nc3 {[%clk 1:33:00]} d6 {[%clk 1:31:00]} 8. Be2
{[%clk 1:33:00]} O-O {[%clk 1:31:00]} 9. O-O {[%clk 1:34:00]} Bd7 {[%clk
1:31:00]} 10. f3 {[%clk 1:26:00]} Nxd4 {[%clk 1:28:00]} 11. Bxd4 {[%clk 1:26:00]}
Bc6 {[%clk 1:28:00]} 12. Qd2 {[%clk 1:27:00]} a5 {[%clk 1:28:00]} 13. Rfc1 {[%clk
1:27:00]} Nd7 {[%clk 1:28:00]} 14. Be3 {[%clk 1:28:00]} Nc5 {[%clk 1:28:00]} 15.
b3 {[%clk 1:28:00]} e6 {[%clk 1:27:00]} 16. Rab1 {[%clk 1:26:00]} Be5 {[%clk
1:25:00]} 17. Bf1 {[%clk 1:25:00]} Qe7 {[%clk 1:23:00]} 18. Rc2 {[%clk 1:22:00]}
f5 {[%clk 1:21:00]} 19. exf5 {[%clk 1:21:00]} Rxf5 {[%clk 1:20:00]} 20. f4 {[%clk
1:20:00]} Bxc3 {[%clk 1:17:00]} 21. Qxc3 {[%clk 1:18:00]} Be4 {[%clk 1:14:00]}
22. g3 {[%clk 1:17:00]} Bxc2 {[%clk 1:13:00]} 23. Qxc2 {[%clk 1:17:00]} Rc8
{[%clk 1:07:00]} 24. Bh3 {[%clk 1:16:00]} Rff8 {[%clk 1:02:00]} 25. Re1 {[%clk
1:15:00]} Rc6 {[%clk 1:00:00]} 26. Bd4 {[%clk 1:14:00]} Qd7 {[%clk 0:49:00]} 27.
Bb2 {[%clk 1:06:00]} Kf7 {[%clk 0:40:00]} 28. Qc3 {[%clk 1:04:00]} Ke8 {[%clk
0:38:00]} 29. Qxa5 {[%clk 0:54:00]} Ra6 {[%clk 0:32:00]} 30. Qd2 {[%clk 0:54:00]}
Rxa2 {[%clk 0:30:00]} 31. Re3 {[%clk 0:51:00]} Kd8 {[%clk 0:25:00]} 32. Bf6+
{[%clk 0:49:00]} Rxf6 {[%clk 0:26:00]} 33. Qxa2 {[%clk 0:50:00]} Qc7 {[%clk
0:19:20]} 34. Qa8+ {[%clk 0:41:00]} Qc8 {[%clk 0:17:18]} 35. Qxc8+ {[%clk
0:41:00]} Kxc8 {[%clk 0:17:38]} 36. b4 {[%clk 0:42:00]} Na6 {[%clk 0:16:06]} 37.
Rxe6 {[%clk 0:40:00]} Rxe6 {[%clk 0:16:25]} 38. Bxe6+ {[%clk 0:41:00]} Kd8 {[%clk
0:16:16]} 39. Bg8 {[%clk 0:41:00]} h6 {[%clk 0:16:29]} 40. Bh7 {[%clk 0:41:00]}
Nxb4 {[%clk 0:16:10]} 41. Bxg6 {[%clk 0:41:00]} b6 {[%clk 0:15:51]} 42. Be4
{[%clk 0:42:00]} Ke7 {[%clk 0:15:19]} 43. Kf2 {[%clk 0:42:00]} Kf6 {[%clk
0:14:35]} 44. Ke3 {[%clk 0:42:00]} Na2 {[%clk 0:14:26]} 45. Kd4 {[%clk 0:42:00]}
Nb4 {[%clk 0:14:34]} 46. g4 {[%clk 0:42:00]} Kg7 {[%clk 0:14:28]} 47. g5 {[%clk
0:42:00]} hxg5 {[%clk 0:14:21]} 48. fxg5 {[%clk 0:42:00]} Kf7 {[%clk 0:14:39]}
49. h4 {[%clk 0:43:00]} Kg7 {[%clk 0:14:39]} 50. h5 {[%clk 0:43:00]} Kh8 {[%clk
0:14:39]} 51. h6 {[%clk 0:43:00]} Kg8 {[%clk 0:14:39]} 52. g6 {[%clk 0:43:00]}
1-0

[Event "Campeonato España Sub 14"]
[Site "Salobreña"]
[Date "2017.07.19"]
[Round "5"]
[White "Alvarez Albiol, Victor"]
[Black "Cisneros Serra, Javier"]
[Result "1/2-1/2"]
[Board "16"]
[WhiteClock "1:30"]
[WhiteElo "1921"]
[WhiteCountry "ESP"]
[WhiteFideId "32065930"]
[WhiteEloChange "-7"]
[BlackClock "1:30"]
[BlackElo "1651"]
[BlackCountry "ESP"]
[BlackFideId "32066040"]
[BlackEloChange "7"]

1. e4 {[%clk 1:30:00]} c5 {[%clk 1:30:00]} 2. Nf3 {[%clk 1:31:00]} d6 {[%clk
1:31:00]} 3. d4 {[%clk 1:31:00]} cxd4 {[%clk 1:31:00]} 4. Nxd4 {[%clk 1:31:00]}
Nf6 {[%clk 1:32:00]} 5. Nc3 {[%clk 1:32:00]} Nc6 {[%clk 1:32:00]} 6. g3 {[%clk
1:32:00]} g6 {[%clk 1:32:00]} 7. Bg2 {[%clk 1:32:00]} Nxd4 {[%clk 1:32:00]} 8.
Qxd4 {[%clk 1:33:00]} Bg7 {[%clk 1:32:00]} 9. Qd1 {[%clk 1:31:00]} O-O {[%clk
1:30:00]} 10. O-O {[%clk 1:32:00]} Rb8 {[%clk 1:26:00]} 11. a4 {[%clk 1:31:00]}
Be6 {[%clk 1:24:00]} 12. h3 {[%clk 1:30:00]} Qc7 {[%clk 1:20:00]} 13. Nb5 {[%clk
1:24:00]} Qd7 {[%clk 1:18:00]} 14. Kh2 {[%clk 1:19:00]} a6 {[%clk 1:16:00]} 15.
Nd4 {[%clk 1:17:00]} b5 {[%clk 1:07:00]} 16. axb5 {[%clk 1:16:00]} axb5 {[%clk
1:07:00]} 17. f4 {[%clk 1:14:00]} Bc4 {[%clk 0:59:00]} 18. Re1 {[%clk 1:13:00]}
b4 {[%clk 0:51:00]} 19. b3 {[%clk 0:51:00]} Be6 {[%clk 0:48:00]} 20. Bb2 {[%clk
0:50:00]} Rfc8 {[%clk 0:42:00]} 21. Qd3 {[%clk 0:43:00]} Rc5 {[%clk 0:33:00]} 22.
Nxe6 {[%clk 0:37:00]} fxe6 {[%clk 0:30:00]} 23. Bd4 {[%clk 0:31:00]} Rc7 {[%clk
0:28:00]} 24. Ra4 {[%clk 0:30:00]} Qb5 {[%clk 0:25:00]} 25. e5 {[%clk 0:27:00]}
Qxd3 {[%clk 0:20:00]} 26. cxd3 {[%clk 0:27:00]} Nd7 {[%clk 0:20:00]} 27. exd6
{[%clk 0:27:00]} exd6 {[%clk 0:20:00]} 28. Bxg7 {[%clk 0:26:00]} Kxg7 {[%clk
0:20:00]} 29. Ra6 {[%clk 0:25:00]} Rc3 {[%clk 0:17:57]} 30. Rxe6 {[%clk 0:24:00]}
Rf8 {[%clk 0:12:15]} 31. Rexd6 {[%clk 0:19:36]} Nc5 {[%clk 0:10:49]} 32. Ra7+
{[%clk 0:18:50]} Rf7 {[%clk 0:09:57]} 33. Rxf7+ {[%clk 0:17:39]} Kxf7 {[%clk
0:10:23]} 34. Rd4 {[%clk 0:15:52]} Rxd3 {[%clk 0:08:50]} 35. Rxb4 {[%clk
0:11:41]} Kg7 {[%clk 0:08:16]} 36. Bf1 {[%clk 0:09:50]} Rxb3 {[%clk 0:05:35]} 37.
Rxb3 {[%clk 0:10:01]} Nxb3 {[%clk 0:05:57]} 38. Kg2 {[%clk 0:09:40]} Kf6 {[%clk
0:05:35]} 39. Bd3 {[%clk 0:09:18]} h6 {[%clk 0:05:29]} 40. Kf2 {[%clk 0:09:25]}
g5 {[%clk 0:04:43]} 41. f5 {[%clk 0:09:12]} Nc5 {[%clk 0:04:14]} 42. Bc2 {[%clk
0:09:30]} Nd7 {[%clk 0:04:30]} 43. Ke3 {[%clk 0:09:17]} Ne5 {[%clk 0:04:15]} 44.
Ke4 {[%clk 0:09:02]} h5 {[%clk 0:03:48]} 45. Bd1 {[%clk 0:09:02]} h4 {[%clk
0:03:48]} 46. gxh4 {[%clk 0:09:02]} gxh4 {[%clk 0:03:48]} 47. Bc2 {[%clk
0:09:02]} Nf7 {[%clk 0:03:48]} 48. Kf4 {[%clk 0:09:02]} Nd6 {[%clk 0:03:48]} 49.
Kg4 {[%clk 0:09:02]} Nxf5 {[%clk 0:03:48]} 50. Bxf5 {[%clk 0:09:02]} Kg7 {[%clk
0:03:48]} 51. Kxh4 {[%clk 0:09:02]} Kh8 {[%clk 0:03:48]} 52. Kg5 {[%clk 0:09:02]}
Kg7 {[%clk 0:03:48]} 53. h4 {[%clk 0:09:02]} Kh8 {[%clk 0:03:48]} 54. Kh6 {[%clk
0:09:02]} Kg8 {[%clk 0:03:48]} 55. h5 {[%clk 0:09:02]} Kh8 {[%clk 0:03:48]} 56.
Kg6 {[%clk 0:09:02]} Kg8 {[%clk 0:03:48]} 57. Kh6 {[%clk 0:09:02]} Kh8 {[%clk
0:03:48]} 1/2-1/2

[Event "Campeonato España Sub 14"]
[Site "Salobreña"]
[Date "2017.07.19"]
[Round "5"]
[White "Barragan Arriaza, Pablo"]
[Black "Lopez Azorin, Alejandro"]
[Result "1/2-1/2"]
[Board "17"]
[WhiteClock "1:30"]
[WhiteElo "1916"]
[WhiteCountry "ESP"]
[WhiteFideId "32057130"]
[WhiteEloChange "-7"]
[BlackClock "1:30"]
[BlackElo "1607"]
[BlackCountry "ESP"]
[BlackFideId "24536512"]
[BlackEloChange "7"]

1. c4 {[%clk 1:30:00]} c5 {[%clk 1:30:00]} 2. g3 {[%clk 1:31:00]} g6 {[%clk
1:31:00]} 3. Bg2 {[%clk 1:31:00]} Bg7 {[%clk 1:31:00]} 4. Nc3 {[%clk 1:32:00]}
Nc6 {[%clk 1:32:00]} 5. d3 {[%clk 1:32:00]} d6 {[%clk 1:32:00]} 6. e3 {[%clk
1:32:00]} Nf6 {[%clk 1:31:00]} 7. Nge2 {[%clk 1:32:00]} O-O {[%clk 1:30:00]} 8.
a3 {[%clk 1:31:00]} Bd7 {[%clk 1:12:00]} 9. O-O {[%clk 1:24:00]} a6 {[%clk
1:10:00]} 10. Rb1 {[%clk 1:23:00]} Rb8 {[%clk 0:56:00]} 11. b4 {[%clk 1:17:00]}
cxb4 {[%clk 0:49:00]} 12. axb4 {[%clk 1:17:00]} b5 {[%clk 0:49:00]} 13. cxb5
{[%clk 1:07:00]} axb5 {[%clk 0:48:00]} 14. d4 {[%clk 1:07:00]} Qc8 {[%clk
0:43:00]} 15. e4 {[%clk 1:00:00]} Bh3 {[%clk 0:38:00]} 16. f3 {[%clk 0:53:00]}
Bxg2 {[%clk 0:37:00]} 17. Kxg2 {[%clk 0:53:00]} Nd7 {[%clk 0:36:00]} 18. Be3
{[%clk 0:45:00]} Nb6 {[%clk 0:34:00]} 19. Qd3 {[%clk 0:42:00]} Na7 {[%clk
0:28:00]} 20. d5 {[%clk 0:39:00]} Qd7 {[%clk 0:21:00]} 21. Rfc1 {[%clk 0:31:00]}
Rfc8 {[%clk 0:18:37]} 22. Bd4 {[%clk 0:25:00]} Nc4 {[%clk 0:15:10]} 23. Bxg7
{[%clk 0:25:00]} Kxg7 {[%clk 0:15:16]} 24. Ra1 {[%clk 0:20:00]} Rc7 {[%clk
0:14:26]} 25. Ra6 {[%clk 0:19:39]} Nc8 {[%clk 0:09:54]} 26. Nd4 {[%clk 0:14:48]}
Ne5 {[%clk 0:09:46]} 27. Qe2 {[%clk 0:14:07]} Ra7 {[%clk 0:09:48]} 28. Rxa7
{[%clk 0:12:26]} Nxa7 {[%clk 0:09:59]} 29. f4 {[%clk 0:09:39]} Nc4 {[%clk
0:09:38]} 30. Ndxb5 {[%clk 0:07:14]} Nxb5 {[%clk 0:08:55]} 31. Nxb5 {[%clk
0:07:27]} Qxb5 {[%clk 0:08:42]} 32. Rxc4 {[%clk 0:07:38]} f6 {[%clk 0:08:34]} 33.
Qc2 {[%clk 0:07:53]} Rb7 {[%clk 0:08:02]} 34. Qc3 {[%clk 0:04:30]} Rb8 {[%clk
0:07:41]} 35. Qd4 {[%clk 0:04:07]} Rb7 {[%clk 0:07:16]} 36. e5 {[%clk 0:03:59]}
Kf7 {[%clk 0:07:16]} 1/2-1/2

[Event "Campeonato España Sub 14"]
[Site "Salobreña"]
[Date "2017.07.19"]
[Round "5"]
[White "Andrade Sandoval, Bianca"]
[Black "Diaz Gomez, Mateo"]
[Result "1-0"]
[Board "19"]
[WhiteClock "1:30"]
[WhiteElo "1857"]
[WhiteCountry "ESP"]
[WhiteFideId "32084609"]
[WhiteEloChange "3"]
[BlackClock "1:30"]
[BlackElo "1579"]
[BlackCountry "ESP"]
[BlackFideId "24535850"]
[BlackEloChange "-3"]

1. d4 {[%clk 1:30:00]} Nc6 {[%clk 1:30:00]} 2. Nf3 {[%clk 1:31:00]} d5 {[%clk
1:31:00]} 3. e3 {[%clk 1:31:00]} Bg4 {[%clk 1:30:00]} 4. Be2 {[%clk 1:31:00]} e6
{[%clk 1:29:00]} 5. c4 {[%clk 1:31:00]} Nf6 {[%clk 1:28:00]} 6. Nc3 {[%clk
1:31:00]} Be7 {[%clk 1:25:00]} 7. O-O {[%clk 1:29:00]} O-O {[%clk 1:24:00]} 8. h3
{[%clk 1:28:00]} Bh5 {[%clk 1:23:00]} 9. Re1 {[%clk 1:27:00]} Na5 {[%clk
1:11:00]} 10. c5 {[%clk 1:23:00]} b6 {[%clk 1:10:00]} 11. b4 {[%clk 1:23:00]} Nb7
{[%clk 1:10:00]} 12. a3 {[%clk 1:23:00]} a6 {[%clk 1:05:00]} 13. Bb2 {[%clk
1:22:00]} Bg6 {[%clk 1:03:00]} 14. Ne5 {[%clk 1:18:00]} Bf5 {[%clk 1:02:00]} 15.
g4 {[%clk 1:15:00]} Bg6 {[%clk 1:01:00]} 16. f3 {[%clk 1:07:00]} bxc5 {[%clk
0:55:00]} 17. bxc5 {[%clk 1:05:00]} Nxc5 {[%clk 0:54:00]} 18. Nc6 {[%clk
1:02:00]} Qd6 {[%clk 0:54:00]} 19. Nxe7+ {[%clk 1:03:00]} Qxe7 {[%clk 0:54:00]}
20. dxc5 {[%clk 1:03:00]} Qxc5 {[%clk 0:54:00]} 21. Qd4 {[%clk 1:03:00]} Qd6
{[%clk 0:54:00]} 22. f4 {[%clk 1:03:00]} c5 {[%clk 0:53:00]} 23. Qe5 {[%clk
1:00:00]} Qxe5 {[%clk 0:50:00]} 24. fxe5 {[%clk 0:57:00]} Nd7 {[%clk 0:50:00]}
25. Na4 {[%clk 0:54:00]} Rfb8 {[%clk 0:49:00]} 26. Rac1 {[%clk 0:52:00]} Be4
{[%clk 0:45:00]} 27. Bd1 {[%clk 0:49:00]} Rb7 {[%clk 0:42:00]} 28. Bc2 {[%clk
0:46:00]} Bxc2 {[%clk 0:42:00]} 29. Rxc2 {[%clk 0:47:00]} Rab8 {[%clk 0:42:00]}
30. Ba1 {[%clk 0:46:00]} c4 {[%clk 0:40:00]} 31. Bd4 {[%clk 0:45:00]} Rb5 {[%clk
0:37:00]} 32. Nc3 {[%clk 0:44:00]} Rb3 {[%clk 0:36:00]} 33. a4 {[%clk 0:44:00]}
f6 {[%clk 0:34:00]} 34. exf6 {[%clk 0:41:00]} e5 {[%clk 0:34:00]} 35. fxg7 {[%clk
0:38:00]} exd4 {[%clk 0:32:00]} 36. exd4 {[%clk 0:39:00]} Nf6 {[%clk 0:31:00]}
37. Re6 {[%clk 0:35:00]} R3b6 {[%clk 0:31:00]} 38. Re5 {[%clk 0:34:00]} Rd6
{[%clk 0:28:00]} 39. g5 {[%clk 0:33:00]} Nh5 {[%clk 0:22:00]} 40. Nxd5 {[%clk
0:32:00]} Rbd8 {[%clk 0:22:00]} 41. Ne7+ {[%clk 0:31:00]} Kf7 {[%clk 0:21:00]}
42. Rf2+ {[%clk 0:31:00]} 1-0

[Event "Campeonato España Sub 14"]
[Site "Salobreña"]
[Date "2017.07.19"]
[Round "5"]
[White "Amengual Perello, Jordi"]
[Black "Alcon Llosada, Alex"]
[Result "1/2-1/2"]
[Board "20"]
[WhiteClock "1:30"]
[WhiteElo "1727"]
[WhiteCountry "ESP"]
[WhiteFideId "24571920"]
[WhiteEloChange "-3"]
[BlackClock "1:30"]
[BlackElo "1604"]
[BlackCountry "AND"]
[BlackFideId "6900780"]
[BlackEloChange "3"]

1. e4 {[%clk 1:30:00]} c6 {[%clk 1:30:00]} 2. Nf3 {[%clk 1:31:00]} d5 {[%clk
1:29:00]} 3. Nc3 {[%clk 1:31:00]} Bg4 {[%clk 1:27:00]} 4. Be2 {[%clk 1:31:00]} e6
{[%clk 1:22:00]} 5. d4 {[%clk 1:32:00]} Nf6 {[%clk 1:19:00]} 6. e5 {[%clk
1:32:00]} Nfd7 {[%clk 1:19:00]} 7. Ng5 {[%clk 1:32:00]} Bxe2 {[%clk 1:03:00]} 8.
Qxe2 {[%clk 1:33:00]} g6 {[%clk 0:36:00]} 9. h4 {[%clk 1:30:00]} Be7 {[%clk
0:31:00]} 10. Qg4 {[%clk 1:21:00]} Bxg5 {[%clk 0:28:00]} 11. Bxg5 {[%clk
1:20:00]} Qb6 {[%clk 0:27:00]} 12. O-O-O {[%clk 1:19:00]} Qb4 {[%clk 0:24:00]}
13. h5 {[%clk 1:17:00]} Nxe5 {[%clk 0:23:00]} 14. a3 {[%clk 1:11:00]} Nxg4 {[%clk
0:22:00]} 15. axb4 {[%clk 1:12:00]} Nxf2 {[%clk 0:22:00]} 16. hxg6 {[%clk
1:11:00]} fxg6 {[%clk 0:22:00]} 17. Rhe1 {[%clk 1:11:00]} Nxd1 {[%clk 0:21:00]}
18. Kxd1 {[%clk 1:07:00]} h6 {[%clk 0:18:53]} 19. Bf6 {[%clk 1:07:00]} Rf8 {[%clk
0:17:04]} 20. Bg7 {[%clk 1:07:00]} Rf7 {[%clk 0:15:31]} 21. Rxe6+ {[%clk
1:05:00]} Re7 {[%clk 0:11:14]} 22. Rxg6 {[%clk 1:05:00]} Kf7 {[%clk 0:11:10]} 23.
Rg3 {[%clk 1:05:00]} h5 {[%clk 0:09:09]} 24. Bh6 {[%clk 1:02:00]} Nd7 {[%clk
0:07:59]} 25. Rh3 {[%clk 1:00:00]} Re6 {[%clk 0:06:10]} 26. Bf4 {[%clk 1:00:00]}
Nf6 {[%clk 0:05:01]} 27. Be5 {[%clk 0:59:00]} Rg8 {[%clk 0:03:49]} 28. g3 {[%clk
0:59:00]} Ng4 {[%clk 0:03:39]} 29. Rxh5 {[%clk 0:57:00]} Nxe5 {[%clk 0:03:55]}
30. dxe5 {[%clk 0:57:00]} Rxg3 {[%clk 0:04:08]} 31. Ne2 {[%clk 0:56:00]} Rg7
{[%clk 0:03:33]} 32. Nd4 {[%clk 0:55:00]} Reg6 {[%clk 0:02:03]} 33. e6+ {[%clk
0:55:00]} Kf6 {[%clk 0:02:04]} 34. Rf5+ {[%clk 0:54:00]} Ke7 {[%clk 0:02:24]} 35.
Re5 {[%clk 0:52:00]} Rg5 {[%clk 0:02:27]} 36. Nf5+ {[%clk 0:50:00]} Rxf5 {[%clk
0:01:19]} 37. Rxf5 {[%clk 0:50:00]} Kxe6 {[%clk 0:01:44]} 38. Rf8 {[%clk
0:50:00]} b6 {[%clk 0:01:27]} 39. Re8+ {[%clk 0:50:00]} Re7 {[%clk 0:01:13]} 40.
Rh8 {[%clk 0:50:00]} Kd6 {[%clk 0:01:15]} 41. Rh6+ {[%clk 0:50:00]} Re6 {[%clk
0:01:38]} 42. Rh7 {[%clk 0:50:00]} Re7 {[%clk 0:01:39]} 43. Rh8 {[%clk 0:50:00]}
c5 {[%clk 0:01:30]} 44. Rh6+ {[%clk 0:50:00]} Re6 {[%clk 0:01:47]} 45. bxc5+
{[%clk 0:50:00]} bxc5 {[%clk 0:02:03]} 46. Rh7 {[%clk 0:51:00]} a6 {[%clk
0:01:51]} 47. Ra7 {[%clk 0:51:00]} Ke5 {[%clk 0:01:57]} 48. Kd2 {[%clk 0:50:00]}
d4 {[%clk 0:01:17]} 49. c3 {[%clk 0:50:00]} Kd5 {[%clk 0:01:08]} 50. cxd4 {[%clk
0:50:00]} cxd4 {[%clk 0:01:18]} 51. Kd3 {[%clk 0:49:00]} Re3+ {[%clk 0:01:29]}
52. Kd2 {[%clk 0:49:00]} Re6 {[%clk 0:01:51]} 53. Kd3 {[%clk 0:49:00]} Re3+
{[%clk 0:01:40]} 54. Kd2 {[%clk 0:49:00]} 1/2-1/2

[Event "Campeonato España Sub 14"]
[Site "Salobreña"]
[Date "2017.07.19"]
[Round "5"]
[White "Garcia Gimenez, Santiago"]
[Black "Svyatoslav, Vorobyev"]
[Result "1-0"]
[Board "21"]
[WhiteClock "n/a"]
[WhiteElo "2064"]
[WhiteCountry "ESP"]
[WhiteFideId "32063350"]
[WhiteEloChange "3"]
[BlackClock "n/a"]
[BlackElo "1771"]
[BlackCountry "ESP"]
[BlackFideId "24561142"]
[BlackEloChange "-3"]

1. e4 {[%clk 1:30:30]} e6 {[%clk 1:30:30]} 2. d4 {[%clk 1:30:30]} d5 {[%clk
1:30:30]} 3. Nc3 {[%clk 1:30:30]} Bb4 {[%clk 1:30:30]} 4. e5 {[%clk 1:30:30]} Ne7
{[%clk 1:30:30]} 5. a3 {[%clk 1:30:30]} Bxc3+ {[%clk 1:30:30]} 6. bxc3 {[%clk
1:30:30]} c5 {[%clk 1:30:30]} 7. Nf3 {[%clk 1:30:30]} b6 {[%clk 1:30:30]} 8. Bb5+
{[%clk 1:30:30]} Bd7 {[%clk 1:30:30]} 9. Be2 {[%clk 1:30:30]} Qc7 {[%clk
1:30:30]} 10. O-O {[%clk 1:30:30]} Ba4 {[%clk 1:30:30]} 11. Ra2 {[%clk 1:30:30]}
Nd7 {[%clk 1:30:30]} 12. Bf4 {[%clk 1:30:30]} O-O-O {[%clk 1:30:30]} 13. h3
{[%clk 1:30:30]} Kb7 {[%clk 1:30:30]} 14. Bh2 {[%clk 1:30:30]} Rc8 {[%clk
1:30:30]} 15. Bd3 {[%clk 1:30:30]} h6 {[%clk 1:30:30]} 16. g3 {[%clk 1:30:30]}
Nc6 {[%clk 1:30:30]} 17. Be2 {[%clk 1:30:30]} Na5 {[%clk 1:30:30]} 18. Ne1 {[%clk
1:30:30]} Qb8 {[%clk 1:30:30]} 19. Qd2 {[%clk 1:30:30]} cxd4 {[%clk 1:30:30]} 20.
cxd4 {[%clk 1:30:30]} Nc4 {[%clk 1:30:30]} 21. Bxc4 {[%clk 1:30:30]} Rxc4 {[%clk
1:30:30]} 22. Ng2 {[%clk 1:30:30]} Rhc8 {[%clk 1:30:30]} 23. Ne3 {[%clk 1:30:30]}
Rc3 {[%clk 1:30:30]} 24. f4 {[%clk 1:30:30]} g6 {[%clk 1:30:30]} 25. g4 {[%clk
1:30:30]} Qc7 {[%clk 1:30:30]} 26. Rf2 {[%clk 1:30:30]} Qc6 {[%clk 1:30:30]} 27.
f5 {[%clk 1:30:30]} gxf5 {[%clk 1:30:30]} 28. gxf5 {[%clk 1:30:30]} Qb5 {[%clk
1:30:30]} 29. Ra1 {[%clk 1:30:30]} Qb2 {[%clk 1:30:30]} 30. Rff1 {[%clk 1:30:30]}
Rxc2 {[%clk 1:30:30]} 31. Nxc2 {[%clk 1:30:30]} Rxc2 {[%clk 1:30:30]} 32. Qf4
{[%clk 1:30:30]} Bb5 {[%clk 1:30:30]} 33. Rab1 {[%clk 1:30:30]} Rg2+ {[%clk
1:30:30]} 34. Kh1 {[%clk 1:30:30]} Qe2 {[%clk 1:30:30]} 35. Rfe1 {[%clk 1:30:30]}
Rxh2+ {[%clk 1:30:30]} 36. Qxh2 {[%clk 1:30:30]} Qxh2+ {[%clk 1:30:30]} 37. Kxh2
{[%clk 1:30:30]} Bd3 {[%clk 1:30:30]} 38. fxe6 {[%clk 1:30:30]} fxe6 {[%clk
1:30:30]} 39. Rbc1 {[%clk 1:30:30]} a5 {[%clk 1:30:30]} 40. Rg1 {[%clk 1:30:30]}
Ka6 {[%clk 1:30:30]} 41. Rg7 {[%clk 1:30:30]} Bb5 {[%clk 1:30:30]} 42. Rc7 {[%clk
1:30:30]} Ba4 {[%clk 1:30:30]} 43. Rgxd7 {[%clk 1:30:30]} 1-0